Club de La Liga 2023/2024 - Statistiques

Statistiques générales
  • Ce quiz a été pris 346 fois
    188 depuis la dernière actualisation
  • Le résultat moyen est 17 sur 20
Statistiques - réponses
Par images Réponse % Correct
FC Barçelone
100%
Real Madrid
100%
Seville FC
99%
Atletico Madrid
97%
Real Betis
97%
Real Sociedad
96%
Valence CF
94%
Villareal CF
94%
Athletic Bilbao
89%
Celta Vigo
87%
Getafe CF
82%
Osasuna
80%
Rayo Vallecano
80%
Grenade FC
78%
Gérone FC
75%
Deportivo Alavés
72%
UD Almeria
67%
RCD Majorque
65%
Cadix CF
64%
UD Las Palmas
64%
Aucun quiz correspondant
Distribution des résultats
% des personnes avec chaque résultat
Percentile par nombre de réponses
Votre historique - résultats
Vous n’avez pas pris ce quiz depuis la dernière actualisation